000 01146nam a22002657a 4500
005 20090717161251.0
008 090714t xxu||||| |||| 00| 0 hin d
010 _aHIN-87328
020 _c195.00
_a8190385682
035 _aHN-59674
037 _bDBAD / PUB
040 _adpl
_bhn
082 _a577
100 _aसुखवीर सिंह
245 _aजैवमण्डल और ऊर्जा संचार /
_cसुखवीर सिंह
246 _aJaivamandala aura urjaa sanchaara
_bby Sukhvir Singh
260 _aदिल्ली
_bआयुष पब्लिशिंग हाऊस
_c2007
270 _a1/10825 सुभाष पार्क, गली नं. 3, शाहदरा
_bदिल्ली
_e110032
300 _a188पृ.
_c22सेमी (अजिल्द)
650 _aEcology
650 _aपारिस्थितिकी
650 _aEcology
942 _2ddc
_cHN
_mसुखवी
_h577
999 _c28397
_d28397